A brief survey of austrian history

Guardat en:
Dades bibliogràfiques
Autor principal: Rickett, Richard
Format: Llibre
Idioma:Undetermined
Publicat: Austria Georg Prachner Verlag in Vienna 1966
Matèries:
Etiquetes: Afegir etiqueta
Sense etiquetes, Sigues el primer a etiquetar aquest registre!
Thư viện lưu trữ: Trung tâm Học liệu Trường Đại học Cần Thơ
LEADER 00515nam a2200193Ia 4500
001 CTU_82429
008 210402s9999 xx 000 0 und d
082 |a 943.6 
082 |b R539 
100 |a Rickett, Richard 
245 2 |a A brief survey of austrian history 
245 0 |c Richard Rickett 
260 |a Austria 
260 |b Georg Prachner Verlag in Vienna 
260 |c 1966 
650 |a Austria 
650 |x History 
904 |i Mai Loan,Hải 
980 |a Trung tâm Học liệu Trường Đại học Cần Thơ